000 01740nam0a22002531 4500
001 rc\1108760
005 20250622181453.0
035 _a(NLR Aleph) 006353275
090 _a4824377
_c4824377
100 _a20041126d1982 |||y0rusy50 ca
101 0 _arus
102 _aRU
105 _ay |||||||||
200 1 _aВсесоюзный научно-технический семинар "Опыт разработки и внедрения автоматических манипуляторов и технологических комплексов с их использованием" (Москва, ВДНХ СССР, 19-21 мая 1982 г.)
_eТез. докл.
_fПод ред. А.А. Панова
210 _aМ.
_cБ. и.
_d1982
215 _a91 с.
_d20
300 _aВ надзаг.: ВДНХ СССР, Павильон "Машиностроение", М-во станкостпроит. и инструм. пром-сти, Гос. ком. СССР по науке и технике, Всесоюз. совет НТО, Ком. по автоматизации и механизации произв. процессов, Науч.-произв. об-ние по комплекс. технол. проектированию станкостоит. предприятий "Оргстанкинпром"
702 1 _aПанов
_bА.А.
_4340
710 1 2 _a"Опыт разработки и внедрения автоматических манипуляторов и технол. комплексов с их использованием", всесоюзный науч.-техн. семинар
_f1982
_eМосква
801 0 _aRU
_bNLR
_gpsbo
801 1 _aRU
_bELAR
_2rusmarc
852 _aNLR
_j82-6/5550
942 _cBOOK
980 _aNB